00652nam a2200157 i 4500001000700000003000900007005001700016008004100033100002800074245014300102260005400245300002100299650001500320710006100335852009800396165165ES-MaACL20230906213058.0030902s1894 sp |||| | spa d1 aSelva y Rubí, Emilio.10aReseña leída en la sesión pública inaugural celebrada el día 10 de enero de 1894 / cpor el secretario D. Emilio Selva y Rubí. aBarcelona : b[s.n.], c1894 (fImp. Barcelonesa) a24 p. ; c27 cm. 4aPropiedad.2 aAcademia de Jurisprudencia y Legislación de Barcelona. aES-MaACLjT-661-F-7 z- Enc. hol., conservando cub. original z- Enc. en un vol. facticio